000 00211nam a2200085Ia 4500
008 170620s9999 xx 000 0 und d
100 _aAgarwal H .O.
245 0 _aInternational Law & Human Right
260 _bCentral Law Pub.
260 _c2006
999 _c28993
_d28993